000 00842cam a22002294a 4500
005 20250605164314.0
008 250528s ||||||||||||||||||||||||d
035 _a22632
020 _a9780875847160
040 _aGR-AtMCL
_bgre
_dGR-AtMCL
_eAACR2
245 1 _aCOMPETING FOR THE FUTURE
250 _a1
260 _bHarvard Business School Press,
_c1994
300 _a357
505 0 _aGETTING OFF THE TREADMILL HOW COMPETITION FOR THE FUTURE IS DIFFERENT LEARNING TO FORGET COMPETING FOR INDUSTRY FORESIGHT CRAFTING STRATEGIC ARCHITECTURE
520 _aGETTING OFF THE TREADMILL HOW COMPETITION FOR THE FUTURE IS DIFFERENT LEARNING TO FORGET COMPETING FOR INDUSTRY FORESIGHT CRAFTING STRATEGIC ARCHITECTURE
700 1 _aHamel Gary
_94217
700 1 _aPrahalad C.K
_91016
942 _cBK
999 _c7680
_d7680